000 00674nam a22001577a 4500
003 OSt
005 20150918105150.0
008 150918b xxu||||| |||| 00| 0 eng d
040 _cRUA
082 _aAGR TAI 2004 B030 Or.1
100 _9742
_aTAING, KOUNGVENG.
245 _aeffect of plant spacing on soybean yild at royal university of agriculture(ឥទ្ធិពលនៃគំលាតគុម្ពលើទិន្នផលសណ្តែកសៀងក្នុងល័ក្ខខ័ណ្ឌសាកលវិទ្យសល័យភូមិន្ធកសិកម្ម)
260 _aPhnom Penh
_bRUA
_c2004
300 _a55p.
_bill.
_c29cm.
942 _2ddc
_cAGR
999 _c713
_d713